000 00699nas a2200241 4500
001 BR2011007275
003 BR-BrBNA
005 20231205115212.0
007 ta
008 230509b bl.|||p| |||| 00| 00por d
040 _aBR-BrBNA
_bpor
_cBiblioteca Nacional de Agricultura
041 _a(Pt)
072 _aE10; E13
100 1 _aRoque, P.
245 1 _aÉ preciso redesenhar a política agrícola
650 _aPOLÍTICA AGRÍCOLA
650 _aAGRONEGÓCIO
650 _aECONOMIA AGRÍCOLA
650 _aCRÉDITO RURAL
773 0 _tAgroanalysis (Brazil)
_xISSN 0100-4298
_g(Aug 2011), v. 31(8) p. 6-8
_wBR2011007275
909 _a202311
_bLúcia
_c55
_dLúcia Elande
942 _2AGRIS
_n0
_cANA
999 _c212577
_d212577